Louis Vuitton Les Parfums Collection (Fragrance) - Statistics

General Stats
  • This quiz has been taken 133 times
  • The average score is 10 of 35
Answer Stats
Hint (Ranked by Popularity) Fragrance % Correct
Most popular Fragrance on the line, it is a fresh citrus fragrance. Imagination
98%
This is a fruity citrus fragrance like most LV bottles, but this one has a twist with minty green and aquatic notes Pacific Chill
89%
Also popular, this is a woody oud cologne with amber in it Ombre Nomade
85%
Well known, smells like the name but has orange and citrus notes with a hint of fresh spices Afternoon Swim
79%
A citrus powdery fragrance with white floral notes. It is more for woman but is technically unisex. Has a unique lime note. City of Stars
62%
A little less popular, but still known. It is mainly a citrus cologne but is spicy with amber L'Immensite
48%
A citrus with aromatic and fresh spicy notes fragrance. Meteore
46%
A musky but also citrus and fruity sweet fragrance. Popular but not a lot of people own it because of the better options in the line. California Dream
43%
Fragrance known for it's rose and oud smell. It is spicy with amber, but is mainly built of roses. Les Sables Roses
42%
Only green bottle, has a very unique lemongrass note that smells like cactus Cactus Garden
30%
An aromatic fresh spicy fragrance with citrus and wood in it On the Beach
30%
Kind of bland citrus wood fragrance with iris and pepper Orage
28%
A scent overpowered by citrus, smells like a lemon Sun Song
27%
Most popular woman perfume on the line, it is a rose floral scent that smells fresh and fruity Attrape-Reves
26%
Straight Amber scent for layering Pur Ambre
24%
Straight oud scent for layering Pur Oud
21%
Straight Scandal scent for layering Pur Santal
20%
An amber but smoky fragrance with oud Nuit de Feu
19%
A white floral honey scent with oud Fleur de Desert
17%
A leather-oud fragrance with spices, amber, and roses in it. It has chocolate and vanilla in it and is a great fragrance. Nouveau Monde
16%
A citrus but fresh green fragrance that smells leafy Sur la Route
15%
A musky wood scent Au Hasard
11%
Rainbow bottle with a cedarwood note LV Lovers
11%
Known for its Violet scent for women Spell on You
11%
A white floral citrus fragrance Apogee
10%
Made for woman, and has a strong vanilla and citrus and scent Contre Moi
9%
A floral fruity scent Etoile Filante
9%
A citrus floral scent Le Jour se Leve
9%
For women, is another rose fragrance but with a powdery and fruity scent. Roses des Vents
9%
A leather animalic scent with floral notes Dans la Peau
8%
A white floral sweet scent Heures d'Absence
8%
Another woman scent with floral and rose notes Matiere Noire
8%
Aquatic and fruity scent for women Cour Battant
6%
A fruity leather scent Mille Feux
6%
A white floral scent Turbulences
4%
No matching quizzes found
Score Distribution
Percent of People with Each Score
Percentile by Number Answered
Your Score History
You have not taken this quiz